Návrh opatrení pre zlepšenie výroby a distribúcie prevádzkových médií pre výrobné technológie
Na minha lista:
| Autor principal: | |
|---|---|
| Outros Autores: | |
| Formato: | Manuscrito Livro |
| Idioma: | eslovaco |
| Publicado em: |
2019
|
| Assuntos: | |
| Acesso em linha: | http://is.stuba.sk/zp/portal_zp.pl?podrobnosti=146805 |
| Tags: |
Sem tags, seja o primeiro a adicionar uma tag!
|
MARC
| LEADER | 00000ntm a22000003a 4500 | ||
|---|---|---|---|
| 001 | stuzp73220 | ||
| 003 | SK-STU | ||
| 005 | 20190615212401.2 | ||
| 007 | ta | ||
| 008 | 150427s2015----xo-----f-mn---000-0-slo-d | ||
| 040 | |a STU |b slo | ||
| 041 | 0 | |a slo | |
| 100 | 1 | |a Kadlecová, Alena |u 063000 |k Z4 |4 aut |U MTF Materiálovotechnologická fakulta |T MTF Ústav výrobných technológií |X 73390 |U M3000 |Y 83 |7 73390 | |
| 242 | 0 | 1 | |a Draft measures to improve the production and distribution of production media for production technologies |y eng |
| 245 | 1 | 0 | |a Návrh opatrení pre zlepšenie výroby a distribúcie prevádzkových médií pre výrobné technológie |
| 260 | |c 2019 | ||
| 650 | 4 | |a prevádzkové média |2 slo | |
| 650 | 4 | |a brúsny olej |2 slo | |
| 650 | 4 | |a stlačený vzduch |2 slo | |
| 650 | 4 | |a Production Media |2 eng | |
| 650 | 4 | |a Abrasive Oil |2 eng | |
| 650 | 4 | |a Compressed Air |2 eng | |
| 700 | 1 | |a Ružarovský, Roman |u 063800 |k Z2 |4 ths |U MTF Ústav výrobných technológií |T MTF Katedra výrobných zariadení a systémov |X 30883 |U M3800 |Y 660 |7 A000030883 | |
| 856 | 4 | |u http://is.stuba.sk/zp/portal_zp.pl?podrobnosti=146805 | |
| 996 | |c M* DP-13992 |l MMSKP |s P |a 0 |w stuzp73220_0001 | ||